[Event "POL-ch Rapid U18 Girls"]
[Site "Bydgoszcz"]
[Date "2023.08.30"]
[Round "10"]
[White "Banasiak, Adrianna"]
[Black "Smietanska, Wiktoria"]
[Result "0-1"]
[WhiteElo "1407"]
[BlackElo "1951"]
[PlyCount "116"]
[EventDate "2023.08.28"]
[EventType "swiss"]
[EventRounds "11"]
[EventCountry "POL"]
[SourceTitle "EXT 2024"]
[Source "ChessBase"]
[SourceDate "2023.10.10"]
[SourceVersion "1"]
[SourceVersionDate "2023.10.10"]
[SourceQuality "1"]

1. d4 d5 2. Nf3 Nf6 3. e3 c6 4. Bd3 Bg4 5. Nbd2 Nbd7 6. b3 e6 7. Bb2 Bd6 8. h3 Bh5 9. c4 Ne4 10. Bxe4 dxe4 11. Nxe4 Bb4+ 12. Bc3 Bxc3+ 13. Nxc3 Qa5 14. Rc1 Nf6 15. 0-0 Rd8 16. Qe2 g5 17. c5 g4 18. Ne5 gxh3 19. g4 Bxg4 20. Nxg4 Rg8 21. f3 h5 22. Kf2 hxg4 23. fxg4 Nxg4+ 24. Ke1 Qc7 25. Kd2 Qh2 26. Qxh2 Nxh2 27. Rf2 Ng4 28. Rf3 Rh8 29. Rh1 h2 30. Ne4 f5 31. Ng5 Ke7 32. Nh3 Rh4 33. Nf2 Rg8 34. Ke2 Nf6 35. Rh3 Rxh3 36. Nxh3 Rg2+ 37. Kf3 Rxa2 38. Nf2 Rb2 39. Rxh2 Rxb3 40. Rh1 Nd5 41. Rh7+ Kf6 42. Nd1 f4 43. Rh6+ Kf7 44. Rh7+ Kg6 45. Rh2 fxe3 46. Ke4 Rb1 47. Rg2+ Kf6 48. Nxe3 Re1 49. Rg3 Rxe3+ 50. Rxe3 Nxe3 51. Kxe3 Kf5 52. Kd3 Kf4 53. Kc3 Ke4 54. Kc4 a5 55. Kc3 Kd5 56. Kb3 Kxd4 57. Ka4 Kxc5 58. Kxa5 e5 0-1

[Event "POL-ch Rapid U18 Girls"]
[Site "Bydgoszcz"]
[Date "2023.08.30"]
[Round "8"]
[White "Banasiak, Adrianna"]
[Black "Sprzeczka, Emilia"]
[Result "0-1"]
[WhiteElo "1407"]
[BlackElo "1808"]
[PlyCount "136"]
[EventDate "2023.08.28"]
[EventType "swiss"]
[EventRounds "11"]
[EventCountry "POL"]
[SourceTitle "EXT 2024"]
[Source "ChessBase"]
[SourceDate "2023.10.10"]
[SourceVersion "1"]
[SourceVersionDate "2023.10.10"]
[SourceQuality "1"]

1. e4 c5 2. Nf3 d6 3. d4 cxd4 4. Nxd4 Nf6 5. Nc3 g6 6. f3 Bg7 7. Be3 0-0 8. Qd2 Nc6 9. g4 Be6 10. h4 d5 11. Nxc6 bxc6 12. 0-0-0 dxe4 13. g5 Nd5 14. Nxe4 Nxe3 15. Qxe3 Qa5 16. Qc5 Qxa2 17. Qa3 Qxa3 18. bxa3 Rab8 19. Kd2 Rfd8+ 20. Bd3 Rb5 21. Ke2 Ra5 22. h5 Rxa3 23. Nc5 Bd5 24. hxg6 hxg6 25. Rh4 Rb8 26. Be4 Rd8 27. Nb7 Rb8 28. Nc5 Ra5 29. Bxd5 cxd5 30. Nb3 Ra2 31. Rxd5 Rxb3 32. Rd8+ Bf8 33. Rc4 Rbb2 34. Kd2 Rb5 35. Rcc8 Rxg5 36. Rxf8+ Kg7 37. Rg8+ Kf6 38. Rc6+ e6 39. Rc7 Rg2+ 40. Kd3 Rf2 41. Rf8 Rxf3+ 42. Ke4 Rf5 43. Rfxf7+ Kg5 44. Rh7 e5 45. Rhg7 Ra4+ 46. Ke3 Ra3+ 47. Ke2 a5 48. Rc6 Rf6 49. Rc5 Kf4 50. Rc4+ Kf5 51. Re7 g5 52. Rc5 Re6 53. Rf7+ Ke4 54. Rg7 Kf4 55. Rf7+ Kg4 56. Rg7 a4 57. Rc4+ Kf5 58. Ra7 e4 59. Ra5+ Kf4 60. Raxa4 Rxa4 61. Rxa4 g4 62. Ra8 Rf6 63. c4 Rf5 64. Rc8 g3 65. c5 Rg5 66. Rf8+ Ke5 67. Kf1 Kd5 68. Rf2 gxf2 0-1

[Event "POL-ch Rapid U18 Girls"]
[Site "Bydgoszcz"]
[Date "2023.08.29"]
[Round "3"]
[White "Banasiak, Adrianna"]
[Black "Seemann, Pola"]
[Result "0-1"]
[WhiteElo "1407"]
[BlackElo "1700"]
[PlyCount "124"]
[EventDate "2023.08.28"]
[EventType "swiss"]
[EventRounds "11"]
[EventCountry "POL"]
[SourceTitle "EXT 2024"]
[Source "ChessBase"]
[SourceDate "2023.10.10"]
[SourceVersion "1"]
[SourceVersionDate "2023.10.10"]
[SourceQuality "1"]

1. e4 c6 2. d4 d5 3. exd5 cxd5 4. Nf3 Nc6 5. g3 Bg4 6. Bg2 Nf6 7. c3 e6 8. Qb3 Qd7 9. Ne5 Nxe5 10. dxe5 Ng8 11. Be3 Ne7 12. Bc5 Nc6 13. Bxf8 Rxf8 14. 0-0 Nxe5 15. Nd2 0-0-0 16. c4 Kb8 17. cxd5 exd5 18. Rfc1 Be6 19. Rc5 Rc8 20. Rac1 Nc4 21. Rxc8+ Rxc8 22. Nxc4 dxc4 23. Qb4 f5 24. Bf3 f4 25. Rd1 Qc7 26. gxf4 b6 27. Qd6 Qxd6 28. Rxd6 Bf5 29. Rd5 g6 30. Re5 Rd8 31. Re7 Rd7 32. Rxd7 Bxd7 33. Bd5 b5 34. Kf1 Kc7 35. Ke2 Kd6 36. Bg8 h6 37. Bf7 Bf5 38. Be8 b4 39. Ke3 Kc5 40. f3 a5 41. h4 h5 42. Ba4 Bb1 43. Be8 c3 44. bxc3 bxc3 45. a3 Bf5 46. Bf7 c2 47. Kd2 Kd4 48. Bb3 c1Q+ 49. Kxc1 Ke3 50. Bd5 Kxf4 51. Kb2 Kg3 52. Kb3 Kxh4 53. Ka4 Kg3 54. Kxa5 h4 55. Kb4 h3 56. Kc3 Kf4 57. a4 h2 58. a5 h1Q 59. a6 Qc1+ 60. Kb4 Qa1 61. Kb5 Bd3+ 62. Kc5 Bxa6 0-1

[Event "POL-ch Rapid U18 Girls"]
[Site "Bydgoszcz"]
[Date "2023.08.29"]
[Round "4"]
[White "Banasiak, Adrianna"]
[Black "Ziobrowska, Maja"]
[Result "0-1"]
[WhiteElo "1407"]
[BlackElo "1579"]
[PlyCount "74"]
[EventDate "2023.08.28"]
[EventType "swiss"]
[EventRounds "11"]
[EventCountry "POL"]
[SourceTitle "EXT 2024"]
[Source "ChessBase"]
[SourceDate "2023.10.10"]
[SourceVersion "1"]
[SourceVersionDate "2023.10.10"]
[SourceQuality "1"]

1. d4 d5 2. c4 c6 3. Bf4 Nf6 4. e3 e6 5. Nf3 Nbd7 6. Nc3 Be7 7. cxd5 exd5 8. Bd3 0-0 9. h3 Re8 10. 0-0 Bf8 11. Qc2 h6 12. Rab1 a5 13. a3 b5 14. b4 axb4 15. axb4 Nb8 16. Bxb8 Rxb8 17. Ne5 Bd7 18. Bf5 Bxf5 19. Qxf5 Qc7 20. Nd3 Ra8 21. Ra1 Bd6 22. Rfc1 Qe7 23. Nc5 Bxc5 24. bxc5 b4 25. Na4 Ne4 26. Nb6 Rxa1 27. Rxa1 b3 28. Rb1 g6 29. Qf4 Nc3 30. Rb2 Qa7 31. e4 Qa1+ 32. Kh2 Qxb2 33. Qxh6 Qxf2 34. e5 Ne4 35. h4 b2 36. h5 Qg3+ 37. Kh1 b1R+ 0-1

[Event "POL-ch U14 Girls"]
[Site "Uniejow"]
[Date "2021.07.25"]
[Round "9"]
[White "Banasiak, Adrianna"]
[Black "Kulczycka, Zofia"]
[Result "0-1"]
[WhiteElo "1318"]
[BlackElo "1470"]
[PlyCount "140"]
[EventDate "2021.07.18"]
[EventType "swiss"]
[EventRounds "9"]
[EventCountry "POL"]
[SourceTitle "EXT 2022"]
[Source "ChessBase"]
[SourceDate "2021.10.06"]
[SourceVersion "1"]
[SourceVersionDate "2021.10.06"]
[SourceQuality "1"]

1. e4 c5 2. Nf3 Nc6 3. Bd3 Nf6 4. c3 d5 5. exd5 Qxd5 6. Be2 e5 7. Na3 Be7 8. 0-0 0-0 9. Bc4 Qd6 10. Bb5 e4 11. Bxc6 Qxc6 12. Ne5 Qc7 13. d4 exd3 14. Bf4 Qd8 15. Qxd3 Qxd3 16. Nxd3 Be6 17. Be3 b6 18. Nf4 Bf5 19. Rfd1 Rfd8 20. Nb5 Be4 21. Rxd8+ Rxd8 22. Nxa7 Ng4 23. f3 Bxf3 24. gxf3 Nxe3 25. Nc6 Rd7 26. Re1 Nf5 27. Re5 g6 28. Nd5 Bg5 29. Nxb6 Rd6 30. Nd5 Rxc6 31. f4 Bh4 32. Kg2 Rd6 33. Kf3 f6 34. Ne7+ Nxe7 35. Rxe7 f5 36. Re2 Rd3+ 37. Kg2 Rd1 38. b3 Rc1 39. c4 Bf6 40. Kf3 Rc3+ 41. Kg2 Kf7 42. Rd2 Bd4 43. b4 Rxc4 44. bxc5 Bxc5 45. Rd7+ Ke6 46. Rxh7 Rc2+ 47. Kf3 Rxa2 48. Rg7 Kf6 49. Rh7 Bd6 50. Rh4 Ra4 51. h3 Kg7 52. Ke3 Be7 53. Rg4 fxg4 54. hxg4 Bd6 55. f5 Rxg4 56. fxg6 Kxg6 57. Kd3 Kf5 58. Ke3 Rh4 59. Kd3 Ke5 60. Kc3 Kd5 61. Kd3 Rh3+ 62. Kd2 Ke4 63. Kc2 Kd4 64. Kb2 Kc4 65. Kc2 Rh2+ 66. Kd1 Kc3 67. Ke1 Kd3 68. Kf1 Ke3 69. Kg1 Kf3 70. Kf1 Rh1# 0-1

[Event "POL-ch U14 Girls"]
[Site "Uniejow"]
[Date "2021.07.24"]
[Round "8"]
[White "Kicinska, Magdalena"]
[Black "Banasiak, Adrianna"]
[Result "0-1"]
[WhiteElo "1315"]
[BlackElo "1318"]
[PlyCount "90"]
[EventDate "2021.07.18"]
[EventType "swiss"]
[EventRounds "9"]
[EventCountry "POL"]
[SourceTitle "EXT 2022"]
[Source "ChessBase"]
[SourceDate "2021.10.06"]
[SourceVersion "1"]
[SourceVersionDate "2021.10.06"]
[SourceQuality "1"]

1. d4 Nf6 2. Nf3 c5 3. c3 e6 4. Bg5 Qb6 5. Qc2 d5 6. e3 Nbd7 7. Nbd2 cxd4 8. exd4 Qc7 9. Be2 Bd6 10. 0-0 0-0 11. Rfe1 h6 12. Bh4 b6 13. Bf1 Bb7 14. Rad1 Ne4 15. Bd3 f5 16. Qc1 Rae8 17. Bb1 g5 18. Nxe4 fxe4 19. Nxg5 Bf4 20. Qc2 hxg5 21. Bg3 Ba6 22. Bxf4 Qxf4 23. Re3 Bd3 24. Qd2 Bxb1 25. Rxb1 Re7 26. Qe2 Rh7 27. g3 Qf6 28. Rf1 Qh6 29. f3 exf3 30. Rexf3 Rxf3 31. Rxf3 Qg6 32. Qa6 Nf6 33. Rf2 Re7 34. Qc8+ Qe8 35. Qxe8+ Nxe8 36. h4 gxh4 37. gxh4 Kh7 38. h5 Ng7 39. Rh2 Kh6 40. Kg2 Nxh5 41. Kf3 Rf7+ 42. Kg4 Rf4+ 43. Kh3 Kg5 44. Rg2+ Kf5 45. Re2 Rxd4 0-1